000 00405nmm a2200145Ia 4500
008 251105s9999||||xx |||||||||||||||||und||
041 _aspa
100 _aBenedetti, Mario
245 0 _aLa Tregua
264 _a[Santiago de Chile, Chile] :
_bPatagonia,
_c2011
300 _a119 páginas
650 _aLatin American narrative
856 _uhttps://public.digitaliapublishing.com/a/23674
942 _cCF
999 _c104453
_d104453